000 00534nam a2200181Ia 4500
999 _c29995
_d29995
003 OSt
005 20260416152739.0
008 190216s9999||||xx |||||||||||||| ||und||
020 _a9788188801640
040 _coclc
082 _a894.812301
_bYAT/R
100 _aYati, Nitya Chaitanya
_96870
245 0 _aRoomi Paranja Kathakal /
_cNitya Chaitanya Yati
260 _bLipi Publications,
_c2013.
_aKozhikode:
300 _a263p
650 _aKathakal
942 _cBK
_2ddc
_h894.812301
_iYAT/R
_k894.812301
_mYAT/R